Urbanidad : reglas y consejos para escolares / Antonio Roig ; prólogo de Mateo Guillaumet reglas y consejos para escolares / Antonio Roig ; prólogo de Mateo Guillaumet
Descripción Física:
142 p. ; 17 cm
Otros Autores:
Guillaumet, Mateo
Materias:
Urbanitat -- Ensenyament
MARC
| LEADER | 00000nam a2200000Ia 4500 | ||
|---|---|---|---|
| 001 | 13923 | ||
| 008 | 160829s1948 xx 000 0 cat d | ||
| 080 | |a M-4-74 | ||
| 100 | |a Roig Roig, Antonio |9 38158 | ||
| 245 | |a Urbanidad : |b reglas y consejos para escolares / Antonio Roig ; prólogo de Mateo Guillaumet | ||
| 250 | |a 2a ed., notablemente perfeccionada | ||
| 260 | |a Barcelona : |b Casa Provincial de Caridad, |c 1948 | ||
| 300 | |a 142 p. ; |c 17 cm | ||
| 650 | |a Urbanitat |x Ensenyament |9 38159 | ||
| 700 | 1 | |a Guillaumet, Mateo |9 38160 | |
| 901 | |a Arxiu | ||
| 942 | |n 1 | ||
| 952 | |0 0 |1 0 |4 0 |6 M474 |7 1 |9 48300 |a Arxiu |b Arxiu |d 2016-12-01 |l 0 |o M-4-74 |p 13923 |r 2016-12-01 00:00:00 |w 2016-12-01 |y ARXIU | ||
| 999 | |c 52106 |d 52106 | ||